Most Streamed Billie Eilish Songs on Spotify - Statistics

General Stats
  • This quiz has been taken 562 times
    498 since last reset
  • The average score is 10 of 16
Answer Stats
Streams Song % Correct
2.276B Bad Guy
97%
2.278B Lovely
86%
1.086B Ocean Eyes
86%
1.009M Happier Than Ever
85%
1.554B When The Party's Over
68%
941M Bury a Friend
66%
794M Bellyache
65%
767M I Love You
64%
1.335B Everything I Wanted
62%
757M You Should See Me In a Crown
60%
697M Therefore I Am
59%
567M All The Good Girls Go to Hell
54%
929M Idontwannabeyouanymore
54%
746M Bored
49%
508 No Time To Die
47%
717M Wish You Were Gay
44%
No matching quizzes found
Score Distribution
Percent of People with Each Score
Percentile by Number Answered
Your Score History
You have not taken this quiz since the last reset